| 000 | 00464nam a2200181Ia 4500 | ||
|---|---|---|---|
| 005 | 20240823041155.0 | ||
| 008 | 240823s9999||||xx |||||||||||||| ||und|| | ||
| 041 | _aURUDU | ||
| 082 | _A576.64 P4 | ||
| 100 | _aRasheeduddin Ahmad | ||
| 245 | 0 | _aPeer Paudaon Mein Virus se Phelney Wali Bimariyan | |
| 250 | _a1st | ||
| 260 |
_c2004 _bNational Council for Promotion of Urdu Lan |
||
| 500 | _aYES | ||
| 650 |
_aViruses _bGeneral |
||
| 942 | _cBK | ||
| 999 |
_c204867 _d204867 |
||